Planificación y diseño de plantaciones frutales
保存先:
| 第一著者: | |
|---|---|
| フォーマット: | 図書 |
| 言語: | スペイン語 |
| 出版事項: |
Madrid
Mundi-Prensa
1988
|
| 主題: | |
| タグ: |
タグ追加
タグなし, このレコードへの初めてのタグを付けませんか!
|
MARC
| LEADER | 00000nam a2200000 a 4500 | ||
|---|---|---|---|
| 001 | UCV7237 | ||
| 003 | CL-VaPUC | ||
| 008 | 900418e19880000SP |||||||||||||||||spa|d | ||
| 082 | 0 | 4 | |a 634.04 |b FER |2 21 |
| 100 | 0 | |a Fernández Escobar, Ricardo |e author |9 301282 | |
| 245 | 1 | 0 | |a Planificación y diseño de plantaciones frutales |
| 300 | |a 205 p | ||
| 942 | |c BK | ||
| 945 | |d 19900418 00:00:00 | ||
| 260 | |a Madrid |b Mundi-Prensa |c 1988 | ||
| 650 | 7 | |a PLANTACION DE ARBOLES |2 CL-VaPUC |9 301283 | |
| 650 | 0 | |a Fruticultura |9 259678 | |
| 650 | 7 | |a PLANTACIONES |2 CL-VaPUC |9 264391 | |
| 651 | 0 | |a España |9 254926 | |
| 583 | |a last modification |c 19900418 00:00:00 |k Rodrigo Vera | ||
| 999 | |c 212947 |d 212945 | ||
| 952 | |0 0 |1 0 |4 0 |6 634_040000000000000_FER_1988 |7 0 |8 A |9 194832 |a BIBAGR |b BIBAGR |d 2019-11-14 |i 262978K |o 634.04 FER 1988 |p 262978K |r 2025-01-20 |w 2019-11-14 |y BK |k AGR | ||